000 00431cam a22001337a 4500
008 180718b1989 xxu||||| |||| 00| 0 eng d
082 _aAPPPA 88-89 CHA/A
100 _aChandra, Arvind
245 _aCoal distribution in India: rail transportation
_cby Arvind Chandra
260 _aNew Delhi
_bIndian Institute of Public Administration
_c1989
300 _a33+p.
650 _aRail transportation
650 _aCoal distribution-India
999 _c501504
_d501504